000 00487cam a2200181ua 4500
001 1777
008 110812n ii |||gr||||Z||||||eng
040 _cMAIN
082 _a370.15
100 _aMallick, K. N.,
_eAuthor.
245 1 _aFundamental of educational statistics
_cby K. N. Mallick
250 _a1st.
260 _aCalcutta:
_bSribhumi publishing company,967.
300 _a70p:
_c23cm.
653 _aEducation
653 _aFundamental of educational statistics
942 _cBK
999 _c1661
_d1661